Statistiche per Riconosci la Divinità greca dal ruolo - Quiz n°2

Clicka qui per fare il quiz!

Statistiche generali

  • Questo quiz è stato fatto 31 volte
  • Il punteggio medio è 10 su 12

Statistiche sulle risposte

HintRisposta% Corretto
Dio del vino, dell'impulso vitale, delle feste, dei banchetti, dell'ebbrezza, del piacere e della folliaDioniso
100%
Dio delle selve e mentore dei satiriPan
100%
Dea dell'amore, della bellezza, dell'arte, della danza e del desiderioAfrodite
95%
Dea della strategia militare e della guerra "giusta", ed anche della saggezza, delle arti utili, dei mestieri e dell'ingegno.Atena
95%
Titanide della Luna pienaSelene
95%
Dio primordiale: personificazione del cielo uno tra i più antichi dei, generato all'inizio del mondo grazie a Gea alla quale poi si unì per generare i dodici TitaniUrano
95%
Dio del sonno e padre dei sogniIpno
89%
Dio dei sogni e primo figlio di IpnoMorfeo
84%
Dea della discordia, del caos e del maleEris
79%
Dea della paceEirene
58%
Dea dell'albaEos
58%
Dio del vento del sud-est e della siccitàEuro
53%

Distribuzione punteggi

Percentile per numero di risposta

Percentuale di utenti per punteggio

I tuoi punteggi nel tempo

Non hai fatto questo quiz